Normal view MARC view

Entry Topical Term

Number of records used in: 1

001 - CONTROL NUMBER

  • control field: 27541

003 - CONTROL NUMBER IDENTIFIER

  • control field: OSt

005 - DATE AND TIME OF LATEST TRANSACTION

  • control field: 20210923120300.0

008 - FIXED-LENGTH DATA ELEMENTS

  • fixed length control field: 210923|| aca||aabn | a|a d

040 ## - CATALOGING SOURCE

  • Original cataloging agency: OSt
  • Transcribing agency: OSt

150 ## - HEADING--TOPICAL TERM

  • Topical term or geographic name entry element: Project governance, Project and organizational strategy, Strategic decision making, Leadership

670 ## - SOURCE DATA FOUND

  • Source citation: Work cat.: (OSt): Ferrer, P.S.S. Galvao, G.D.A. Carvalho, M.M.D. 27540, The missing link in project governance: Permeability and influence of governance precepts on decision making in the project domain

Powered by Koha